[Event "Pune op U1800 11th"]
[Site "Pune"]
[Date "2024.05.24"]
[Round "2"]
[White "Mallikarjuna, Raob"]
[Black "Yadav, Narayan"]
[Result "1-0"]
[WhiteElo "1551"]
[BlackElo "1753"]
[PlyCount "109"]
[EventDate "2024.05.24"]
[EventType "swiss"]
[EventRounds "9"]
[EventCountry "IND"]
[SourceTitle "CB22_2024"]
[SourceDate "2024.05.29"]
[SourceVersion "1"]
[SourceVersionDate "2024.05.29"]
[SourceQuality "1"]

1. d4 Nf6 2. Nf3 g6 3. Nc3 Bg7 4. e4 d6 5. Be3 Ng4 6. Bg5 h6 7. Bh4 c5 8. h3 cxd4 9. Nxd4 Ne5 10. f4 Nec6 11. Nb3 Be6 12. Be2 Nd7 13. 0-0 a6 14. Kh1 b5 15. f5 Bxb3 16. axb3 g5 17. Bg3 Nce5 18. b4 0-0 19. Nd5 Nb6 20. c3 Nxd5 21. Qxd5 Qc8 22. Bxe5 Bxe5 23. Rad1 Kg7 24. Rf3 Ra7 25. Qa2 Qc7 26. c4 bxc4 27. Bxc4 Rb7 28. Bxa6 Rxb4 29. b3 Ra8 30. Qe2 Qb6 31. Bc4 Rc8 32. Rfd3 Qa7 33. Qh5 Rf8 34. h4 Bf6 35. hxg5 Bxg5 36. Rg3 Kf6 37. Rxg5 hxg5 38. Qh6+ Ke5 39. Qxf8 Rb8 40. Qg7+ f6 41. g4 Kf4 42. Qh7 Qa2 43. Qh2+ Qxh2+ 44. Kxh2 Kxg4 45. Kg2 Kf4 46. Bd5 Rc8 47. Rf1+ Ke5 48. b4 Rc2+ 49. Rf2 Rc1 50. Rb2 Kf4 51. b5 Rc3 52. Rf2+ Kg4 53. b6 Rg3+ 54. Kf1 Rc3 55. Rb2 1-0